000 00426nam a2200181Ia 4500
001 5192
005 20260306145850.0
008 260306t2008||||xx |||||||||||||| ||spa||
041 _aESP
082 _a337.15
_bCH517 2008
100 _aChan Sánchez, Julio
_eAUT
245 0 _aAPEC y el Perú texto impreso
260 _c2008
300 _a374 páginas :
_c
650 _aGEN
654 _aCAN
942 _cLIB
_dJUS
_fJUS
_2ddc
_n
999 _c5192
_d5192